=LDR 00000nam 2200000 4500 =001 INLIS000000000006261 =005 20251106094930 =035 ##$$a 0010-1125000135 =007 ta =008 251106###########################0#ind## =082 ##$$a 307.1412 =084 ##$$a 307.1412 BAD l =245 1#$$a Laporan Hasil Pembinaan Khusus Desa Percontohan Perwakilan Kecamatan Rantau Rasau Kabupaten Tanjung Jabung : $b - /$c Badan Koordinasi Keluarga Berencana Nasional =260 ##$:$b Badan Koordinasi Keluarga Berencana Nasional =300 ##$$a 36 hal : $b ilus ; $c 21 cm =650 #4$$a Keluarga Berencana =110 #$$a Badan Koordinasi Keluarga Berencana Nasional =856 ##$$a Perpustakaan Kemendukbangga